| 000 | 00391 a2200157 4500 | ||
|---|---|---|---|
| 003 | Nust | ||
| 005 | 20221215143615.0 | ||
| 040 | _cNust | ||
| 082 | _a305.23,STR | ||
| 100 |
_a: Stroud, John _9104998 |
||
| 245 |
_aThe shorn lamb / _cStroud, John, 1923- |
||
| 260 |
_a[London] _bLongmans _c[1960] |
||
| 300 |
_a252 p. _b21 cm. |
||
| 650 |
_a shorn lamb _9104999 |
||
| 942 |
_2ddc _cBK _k305.23,STR |
||
| 999 |
_c184768 _d184768 |
||